Language Quiz

Random Language or Letter Quiz

Word Grid Quiz Stats

 Plays Quiz Updated Dec 25, 2016

Also try: Sporcle Crossword
Challenge
Share
Tweet
Score 0/46 Timer 05:00
1 Play Today
# of letters Words % Correct
4Date
87.3%
4Fate
81.9%
4Fend
79.9%
4Dent
76.5%
4Neat
76.4%
4Need
76.3%
4Tend
75.8%
4Teen
72.9%
4Feat
71.1%
4Dean
70.7%
4Feed
66.3%
4Fade
61.4%
4Deaf
59.3%
5Dated
58.4%
5Fated
57.9%
4Feet
56.5%
6Tanned
51.5%
6Tended
49.2%
6Defend
48%
6Fanned
47.8%
4Fane
46%
6Fended
44.6%
4Dead
44%
# of letters Words % Correct
4Deed
42.8%
5Faded
42.6%
6Dented
41.8%
5Ended
40.3%
4Teed
39.8%
4Ante
39.3%
6Defeat
35.7%
6Deafen
35.2%
5Eaten
31.3%
4Deft
24.3%
4Fete
23.3%
5Anted
21.3%
6Neaten
19.7%
9Defendant
19%
6Deaden
16.7%
4Dene
15.4%
5Feted
14.7%
4Feta
12.7%
6Denned
7.1%
5Defat
4.4%
5Enate
2.1%
5Anent
1.1%
6Ennead
1%

You're not logged in!

Compare scores with friends on all Sporcle quizzes.
OR
Log In

You Might Also Like...

Show Comments

Extras

Top Quizzes Today


Score Distribution

Your Account Isn't Verified!

In order to create a playlist on Sporcle, you need to verify the email address you used during registration. Go to your Sporcle Settings to finish the process.

Report this User

Report this user for behavior that violates our Community Guidelines.

Details: